Renée Zellweger Filmography - Statistics

General Stats
  • This quiz has been taken 147 times
    7 since last reset
  • The average score is 20 of 83
Answer Stats
Type Year Name % Correct
Film 2016 Bridget Jones's Baby
100%
Film 2001 Bridget Jones's Diary
100%
Film 2002 Chicago
100%
Film 2004 Bridget Jones: The Edge of Reason
71%
Film 2003 Cold Mountain
71%
Film 1996 Jerry Maguire
71%
Film 2019 Judy
71%
Film 2007 Bee Movie
57%
TV Show 2001 Saturday Night Live
57%
Film 2025 Bridget Jones: Mad About the Boy
43%
Film 2009 Case 39
43%
Film 2003 Down with Love
43%
Film 1995 Empire Records
43%
Film 2006 Miss Potter
43%
Film 2000 Nurse Betty
43%
Film 1994 Texas Chainsaw Massacre: The Next Generation
43%
Film 2000 Me, Myself & Irene
29%
Film 2009 Monsters vs. Aliens
29%
Film 2009 New in Town
29%
Web Series 2025 Only Murders in the Building
29%
Film 2004 Shark Tale
29%
Documentary Series 2003 20/20
14%
Documentary Series 2004 48 Hours
14%
Film 1994 8 Seconds
14%
TV Special 2019 AFI Life Achievement Award: A Tribute to Denzel Washington
14%
TV Special 2018 AFI Life Achievement Award: A Tribute to George Clooney
14%
TV Special 2011 AFI Life Achievement Award: A Tribute to Morgan Freeman
14%
Film 2008 Appaloosa
14%
Film 1998 A Price Above Rubies
14%
TV Film 1992 A Taste for Killing
14%
Documentary 2020 Being Bridget Jones
14%
TV Show 2021 Celebrity IOU: Joyride
14%
Film 2005 Cinderella Man
14%
TV Show 2016 Circus Halligalli
14%
Short Film 2005 Club Oscar
14%
Film 1997 Deceiver
14%
TV Show 2016 El hormiguero
14%
Documentary Series 2008 E! True Hollywood Story
14%
TV Special 2006 George Clooney: An American Cinematheque Tribute
14%
Documentary Series 2008 Getaway
14%
TV Show 2020 Great Performances
14%
TV Special 2017 Harvey Can't Mess with Texas
14%
Film 2018 Here and Now
14%
Documentary 2008 Hollywood Singing and Dancing: A Musical History
14%
Documentary Series 2005 Iconoclasts
14%
TV Show 2001 King of the Hill
14%
Film 2008 Leatherheads
14%
Film 1994 Love and a .45
14%
TV Special 2006 Moving Image Salutes Ron Howard
14%
TV Mini-Series 1993 Murder in the Heartland
14%
Film 1993 My Boyfriend's Back
14%
Film 2009 My One and Only
14%
Film 2010 My Own Love Song
14%
Film 1998 One True Thing
14%
Film TBA Phantom Son
14%
Documentary 2015 Queen Mimi
14%
Film 1994 Reality Bites
14%
TV Show 1994 Rebel Highway
14%
Film 2017 Same Kind of Different as Me
14%
TV Film 1994 Shake, Rattle and Rock!
14%
Documentary 2007 ShowBusiness: The Road to Broadway
14%
TV Special 2010 Stand Up to Cancer
14%
TV Special 2010 The 4th Annual CNN Heroes: The All-Star Tribute
14%
Film 1999 The Bachelor
14%
Film TBA The Back Nine
14%
TV Show 2002 The Frank Skinner Show
14%
Documentary Series 2005 The Greatest
14%
Film 1995 The Low Life
14%
Film 1995 The Low Life
14%
Documentary 1996 The Return of the Texas Chainsaw Massacre: The Documentary
14%
TV Mini-Series 2022 The Thing About Pam
14%
Film 2016 The Whole Truth
14%
Film 1996 The Whole Wide World
14%
Director 2025 They
14%
TV Special 2005 Tsunami Aid: A Concert of Hope
14%
TV Special 2020 United We Sing: A Grammy Tribute to the Unsung Heroes
14%
Web Special 2020 Venture Into Cures
14%
TV Special 2001 VH1 Divas Live: The One and Only Aretha Franklin
14%
TV Show 2004, 2007 Wanna Bet?
14%
Web Mini-Series 2019 What/If
14%
Film 2002 White Oleander
14%
Commercial 2001 Coca-Cola
0%
Documentary Series 2003 The South Bank Show
0%
No matching quizzes found
Score Distribution
Percent of People with Each Score
Percentile by Number Answered
Your Score History
You have not taken this quiz since the last reset